Malaysia : the transformation within : a socioeconomic perspective

Bibliographic Details
Main Author: GHOSH
Format: Book
Published: Petaling Jaya, Selangor : Addison Wesley Longman Malaysia , 1998
Subjects:

MARC

LEADER 00000cam a2200000 7i4500
001 0000001146
005 20010528.0
020 0 0 |a 9837409908 
090 0 0 |a 338.9595 GHO 1998 
100 1 0 |a GHOSH   |h B. N. 
245 1 0 |a Malaysia : the transformation within : a socioeconomic perspective   |c B.N. Ghosh 
260 0 0 |a Petaling Jaya, Selangor :   |b Addison Wesley Longman Malaysia ,   |c 1998 
300 |a 218 p. :   |b ill. ;   |c 22 cm. 
500 0 0 |a Bibliography : [. 208-214] and index 
651 0 0 |a Malaysia   |x Economic conditions 
651 0 0 |a Malaysia   |x Social conditions 
998 |a JPSM 
999 |a 0000002134   |b Monograph   |c Open Shelf   |e Default branch